000 00674nam a22002057a 4500
003 UA-OsUOA
001 14987
007 ta
008 20031027b un ||||| |||| 00| 0 ukr d
100 _aЧерняга П. П.
700 _aБур'ян Г.
700 _aДолженчук В.
942 _cSA
040 _aUA-OsUOA
_cUA-OsUOA
_dUA-OsUOA
245 _aСтан аграрної реформи в [Рівнен. ] області
_cП., Бур'ян Г., Долженчук В. Черняга П.
300 _aС.3
955 _a0
773 0 _w0
_tВільне слово
_dРівне
_d2003
_g№59/30 лип./
650 7 _aКраєзнавча робота
_2UDC
999 _c301152
_d301152